EU enlargement in agriculture and the WTO process

Začlenenie SVE do programu Spoločnej poľnohospodárskej politiky EÚ prináša veľké množstvo zložitých otázok v kontexte vyjednávania vstupných podmienok medzi členskými krajinami EÚ a kandidátskymi krajinami. Záväzky voči WTO. Základné otázky súvisiace s touto problematikou.

Salvato in:
Dettagli Bibliografici
Autore principale: Tangermann, S.
Natura: Capitolo di libro
Lingua:inglese
Soggetti:
Tags: Aggiungi Tag
Nessun Tag, puoi essere il primo ad aggiungerne!!

MARC

LEADER 00000naa a2200000 4500
001 r048259
005 20231004091702.5
041 0 |a eng 
044 |a CZ 
245 1 0 |a EU enlargement in agriculture and the WTO process  |c S. Tangermann 
520 |a Začlenenie SVE do programu Spoločnej poľnohospodárskej politiky EÚ prináša veľké množstvo zložitých otázok v kontexte vyjednávania vstupných podmienok medzi členskými krajinami EÚ a kandidátskymi krajinami. Záväzky voči WTO. Základné otázky súvisiace s touto problematikou. 
610 2 0 |a poľnohospodárstvo 
610 2 0 |a politika hospodárska medzinárodná 
610 2 0 |a Európska únia 
610 2 0 |a SVE 
610 2 0 |a organizácie obchodné 
610 2 0 |a Svetová obchodná organizácia 
610 2 0 |a Všeobecná dohoda o clách a obchode 
100 1 |a Tangermann, S.